Grandes Dates Historiques (P.1) - Statistiques

Statistiques générales
  • Ce quiz a été pris 3 230 fois
  • Le résultat moyen est 8 sur 15
Statistiques - réponses
Événement Réponse % Correct
Chute du mur de Berlin 1989
93%
Hitler élu chancelier en Allemagne 1933
92%
Exécution du Roi de France Louis XVI 1793
79%
Crise des missiles de Cuba 1962
74%
Bataille de la Somme 1916
70%
Traité de Maastricht 1992
69%
Déclaration d'indépendance des États-Unis 1776
65%
Chute de l'Empire romain d'Occident 476
50%
Assassinat de Jules César -44
43%
Prise de Grenade et fin de la Reconquista 1492
35%
Conquête de l'Algérie par la France 1830
29%
Premier vol motorisé d'un avion (Frères Wright) 1903
24%
Début du tour du monde de Magellan 1519
21%
Appel à la croisade du pape Urbain II 1095
20%
Signature de la Magna Carta 1215
13%
Aucun quiz correspondant
Distribution des résultats
% des personnes avec chaque résultat
Percentile par nombre de réponses
Votre historique - résultats
Vous n’avez pas pris ce quiz